MARC

LEADER 00000nab a2200000 a 4500
001 vtls011601374
003 SK-MaSNL
005 20260426101803.0
008 161223 2016 xo m n 000 0 slo
038 |a PPPK 
040 |a PPPKCL  |b slo  |c PPPKCL  |e AACR2 
041 |a slo 
044 |a xo  |c SK 
080 |a 655.1/.3  |2 2011 
080 |a 621.798:338.45  |2 2011 
100 1 |a Potočná, Eva  |4 aut  |9 324088 
245 1 0 |a Dvojitá radosť - Save Food a Zlatá pečať  |c Eva Potočná 
300 |b Fotogr. 
610 2 7 |a Chemosvit Folie (Svit, Slovensko)  |2 pppkcl  |9 1084509 
610 2 7 |a Zväz polygrafie na Slovensku  |2 pppkcl  |9 894530 
610 2 7 |a Pack-Summit 2016 (projekt)  |2 pppkcl  |9 1583671 
611 2 7 |a Zlatá pečať  |n (23. :  |d 2016  |c Bratislava, Slovensko)  |2 pppkcl  |9 1583672 
611 2 7 |a Syba  |g konferencia  |d (2016 :  |c Praha, Česko)  |2 pppkcl  |9 1583673 
648 7 |a 23.11.2016  |2 pppkcl  |9 1230068 
648 7 |a 3.11.2016  |2 pppkcl  |9 1551420 
650 0 7 |a polygrafia  |2 pppkcl  |9 31181 
650 0 7 |a obalový priemysel  |2 pppkcl  |9 80007 
650 0 7 |a Zlatá pečať (ocenenie)  |y za rok 2016  |2 pppkcl  |9 1583674 
650 0 7 |a Obal roka (ocenenie)  |y za rok 2016  |2 pppkcl  |9 1583675 
650 0 7 |a ceny a vyznamenania  |2 pppkcl  |9 73045 
651 7 |a Svit (Slovensko)  |2 pppkcl  |9 29648 
651 7 |a Poprad (Slovensko : okres)  |2 pppkcl  |9 28675 
651 7 |a Bratislava (Slovensko)  |2 pppkcl  |9 14568 
651 7 |a Praha (Česko)  |2 pppkcl  |9 19313 
773 0 |t Chemosvit  |g Roč. 42, č. 12 (2016), s. 1 a 3  |x 1339-8679 
852 |a PPPK  |b KIS3GCP 
999 |c 3239136  |d 3241066